Plan de los 200 días lectivos del Ministerio de Educación Pública de Costa Rica: técnicas de modificación de conducta para estudiantes con necesidades educativas especiales /
Shranjeno v:
| Glavni avtor: | |
|---|---|
| Format: | Knjiga |
| Jezik: | Spanish |
| Izdano: |
San José, Costa Rica :
INIE. MEP. Instituto de Desarrollo profesional Uladislao Gámez Solano,
2012
|
| Teme: | |
| Oznake: |
Označite
Brez oznak, prvi označite!
|
MARC
| LEADER | 00000nam a2200000Ia 4500 | ||
|---|---|---|---|
| 008 | 171211b1991 cr ||||| |||| 00| 0 spa d | ||
| 999 | |c 1491 |d 1491 | ||
| 090 | |a 06.02.01 |b 2001 (2012) | ||
| 100 | 1 | |a Herrera Ulloa, Leonora |9 3317 | |
| 245 | 1 | 0 | |a Plan de los 200 días lectivos del Ministerio de Educación Pública de Costa Rica: técnicas de modificación de conducta para estudiantes con necesidades educativas especiales / |c Leonora Herrera Ulloa |
| 260 | |a San José, Costa Rica : |b INIE. MEP. Instituto de Desarrollo profesional Uladislao Gámez Solano, |c 2012 | ||
| 300 | |a 129 páginas | ||
| 650 | 1 | 4 | |a CAPACITACIÓN |9 729 |
| 650 | 1 | 4 | |a DOCENTES |9 331 |
| 942 | |i 00341 |h 06.02.01 2001 (2012) |2 z |c 04 | ||
